Library Logo

Pioneer International University Library Catalogue

HILA (Record no. 9275)

MARC details
000 -LEADER
fixed length control field 00281nam a22001217a 4500
005 - DATE AND TIME OF LATEST TRANSACTION
control field 20250901165805.0
008 - FIXED-LENGTH DATA ELEMENTS--GENERAL INFORMATION
fixed length control field 250320b |||||||| |||| 00| 0 eng d
050 ## - LIBRARY OF CONGRESS CALL NUMBER
Classification number PR 9387.9 .G58 2014
245 ## - TITLE STATEMENT
Title HILA
Statement of responsibility, etc. GITAA MORAA
260 ## - PUBLICATION, DISTRIBUTION, ETC.
Name of publisher, distributor, etc. STORY MOJA
Date of publication, distribution, etc. 2017
300 ## - PHYSICAL DESCRIPTION
Extent 160 P
942 ## - ADDED ENTRY ELEMENTS (KOHA)
Source of classification or shelving scheme Library of Congress Classification
Holdings
Withdrawn status Lost status Source of classification or shelving scheme Damaged status Not for loan Home library Current library Shelving location Date acquired Total checkouts Full call number Barcode Date last seen Price effective from Koha item type
    Library of Congress Classification     Main Library Main Library   03/20/2025   PR 9387.9 .G58 2014 PIUD0000232 03/20/2025 03/20/2025 Books
    Library of Congress Classification     Main Library Main Library   03/20/2025   PR 9387.9 .G58 2014 PIUD0000233 03/20/2025 03/20/2025 Books